| 000 | 01447cam a2200373 i 4500 | ||
|---|---|---|---|
| 001 | 2728 | ||
| 005 | 20240201114954.0 | ||
| 020 | _a9781432841867 (large print : hardcover) | ||
| 020 | _a1432841866 (large print : hardcover) | ||
| 020 | _a9780440414803 | ||
| 020 | _a9780439244190 | ||
| 040 |
_aDLC _beng _erda _cDLC |
||
| 050 | 1 | 0 |
_aPZ7.S1185 _bHo 2017 |
| 082 | 0 | 0 |
_a813.54 _223 |
| 100 | 1 |
_aSachar, Louis _d1954- _eauthor. |
|
| 245 | 1 | 0 |
_aHoles / _cLouis Sachar |
| 250 | _a10th-Anniversary Yearling Edition September 2008 | ||
| 260 |
_aNew York : _bRandom House, _c1998 |
||
| 300 |
_a289 pages : _c23 cm |
||
| 490 | 0 | _aThorndike Press large print the literacy bridge | |
| 500 | _aOriginally published in a slightly different form in New York by Farrar, Straus and Giroux in 1998. | ||
| 505 | _aO | ||
| 520 | _aAs further evidence of his family's bad fortune which they attribute to a curse on a distant relative, Stanley Yelnats is sent to a hellish correctional camp in the Texas desert where he finds his first real friend, a treasure, and a new sense of himself. | ||
| 521 |
_a660 _bLexile |
||
| 521 |
_aO _bRaz-Plus |
||
| 650 | 0 | _aLarge type books. | |
| 650 | 1 |
_aJuvenile delinquency _vFiction. |
|
| 650 | 1 |
_aHomeless persons _vFiction. |
|
| 650 | 1 |
_aFriendship _vFiction. |
|
| 650 | 1 |
_aBuried treasure _vFiction. |
|
| 650 | 1 | _aLarge type books. | |
| 906 |
_a7 _bcbc _corignew _d1 _eecip _f20 _gy-gencatlg |
||
| 942 |
_2ddc _cBK _n0 |
||
| 999 |
_c2728 _d2728 |
||